Masks in Congo (Record no. 10065)

MARC details
000 -CABECERA
campo de control de longitud fija 00947nam a2200253 a 4500
001 - NÚMERO DE CONTROL
campo de control BRL_1253
005 - FECHA Y HORA DE LA ÚLTIMA TRANSACCIÓN
campo de control 20190320211119.0
008 - DATOS DE LONGITUD FIJA--INFORMACIÓN GENERAL
campo de control de longitud fija 051213s2016----be-ab#####---#000-0#eng-#
020 ## - NÚMERO INTERNACIONAL ESTÁNDAR DEL LIBRO
Número Internacional Estándar del Libro 9789889753559
041 ## - CÓDIGO DE LENGUA
Código de lengua del texto/banda sonora o título independiente engfre
044 ## - CÓDIGO DEL PAÍS DE LA ENTIDAD EDITORA/PRODUCTORA
Código MARC del país be
050 #4 - SIGNATURA TOPOGRÁFICA DE LA BIBLIOTECA DEL CONGRESO
Número de clasificación NB1099.C6
Número de documento/Ítem .M37 2016
245 10 - MENCIÓN DE TÍTULO
Título Masks in Congo
Mención de responsabilidad, etc. an exhibition organized by Henry Lu Chung Chun at Ethnic Art & Culture LTD. curated by Marc Leo Felix.
260 ## - PUBLICACIÓN, DISTRIBUCIÓN, ETC.
Lugar de publicación, distribución, etc. Bruselas, Bélgica
Nombre del editor, distribuidor, etc. Tribal Arts SPRL Brussels, Belgium : Ethnic Art & Culture Ltd. Hong Kong SAR China
Fecha de publicación, distribución, etc. 2016
300 ## - DESCRIPCIÓN FÍSICA
Extensión 351 p.
Otras características físicas il (algunas a color), mapas
Dimensiones 30 cm.
500 ## - NOTA GENERAL
Nota general Incluye lista de ilustraciones
504 ## - NOTA DE BIBLIOGRAFÍA, ETC.
Nota de bibliografía, etc. Bibliografía : p. 346-348
546 ## - NOTA DE LENGUA/LENGUAJE
Nota de lengua/lenguaje Texto en : inglés y francés
650 14 - PUNTO DE ACCESO ADICIONAL DE MATERIA--TÉRMINO DE MATERIA
Término de materia o nombre geográfico como elemento de entrada Máscaras
Subdivisión geográfica Congo (República Democrática)
9 (RLIN) 26281
700 1# - PUNTO DE ACCESO ADICIONAL--NOMBRE DE PERSONA
Nombre de persona Chung Chun, Henry Lu
9 (RLIN) 26282
700 1# - PUNTO DE ACCESO ADICIONAL--NOMBRE DE PERSONA
Nombre de persona Marc Leo Felix
Término indicativo de función/relación ed.
9 (RLIN) 26283
710 2# - PUNTO DE ACCESO ADICIONAL--NOMBRE DE ENTIDAD CORPORATIVA
Nombre de entidad corporativa o nombre de jurisdicción como elemento de entrada Ethnic Art & Culture LTD
9 (RLIN) 26284
942 ## - ELEMENTOS DE PUNTO DE ACCESO ADICIONAL (KOHA)
Fuente del sistema de clasificación o colocación Library of Congress Classification
Tipo de ítem Koha Libros
Holdings
Estado de retiro Estado de pérdida Estado dañado No para préstamo Localización permanente Ubicación/localización actual Fecha de adquisición Total de préstamos Signatura topográfica completa Código de barras Fecha visto por última vez Precio válido a partir de Tipo de ítem Koha
El ejemplar forma parte de la colección y puede ser consultado según las políticas vigentes.       Biblioteca Centro de Estudios Ruth D. Lechuga Biblioteca Centro de Estudios Ruth D. Lechuga 05/12/2013   NB1099.C6 .M37 2016 00020 22/03/2019 22/03/2019 Libros